Normal view
MARC view
- Khan, Janita
Entry Personal Name
001 - CONTROL NUMBER
- control field: 125543
003 - CONTROL NUMBER IDENTIFIER
- control field: NUST
005 - DATE AND TIME OF LATEST TRANSACTION
- control field: 20240830114333.0
008 - FIXED-LENGTH DATA ELEMENTS
- fixed length control field: 240830|| aca||aabn | a|a d
040 ## - CATALOGING SOURCE
- Original cataloging agency: NUST
- Transcribing agency: NUST
100 ## - HEADING--PERSONAL NAME
- Personal name: Khan, Janita
670 ## - SOURCE DATA FOUND
- Source citation: Work cat.: (NUST): Khan, Janita, Addressing the Non-Differentiability in ReLU through a Smooth Polynomial Approximation to Enhance ReLU’s Performance in Image Classification Problems/
